[Event "Moscow_Open_19_Turnir"]
[Site "?"]
[Date "2019.01.31"]
[Round "7.11"]
[White "Teiitbaev, Aktilek"]
[Black "Ufimtsev, Egor"]
[Result "1-0"]
[BlackElo "2160"]
[WhiteElo "2229"]
[LiveChessVersion "1.4.8"]

1. e4 {[%clk 1:30:34]} c5 {[%clk 1:29:12]} 2. Nf3 {[%clk 1:30:55]} Nc6
{[%clk 1:29:40]} 3. Bb5 {[%clk 1:30:14]} e6 {[%clk 1:30:00]} 4. O-O
{[%clk 1:30:21]} Nge7 {[%clk 1:29:55]} 5. Re1 {[%clk 1:29:44]} a6
{[%clk 1:29:48]} 6. Bf1 {[%clk 1:29:52]} d5 {[%clk 1:26:45]} 7. exd5
{[%clk 1:28:41]} Nxd5 {[%clk 1:26:38]} 8. d4 {[%clk 1:28:52]} cxd4
{[%clk 1:03:26]} 9. Nxd4 {[%clk 1:26:54]} Ndb4 {[%clk 0:55:05]} 10. Nxc6
{[%clk 1:14:21]} Qxd1 {[%clk 0:55:20]} 11. Rxd1 {[%clk 1:14:47]} Nxc6
{[%clk 0:55:46]} 12. Be3 Be7 {[%clk 0:38:33]} 13. Nc3 {[%clk 1:10:14]} O-O
{[%clk 0:38:58]} 14. Na4 {[%clk 1:01:09]} e5 {[%clk 0:39:05]} 15. Nb6
{[%clk 1:01:34]} Rb8 {[%clk 0:39:31]} 16. c3 {[%clk 1:00:11]} Be6
{[%clk 0:33:53]} 17. Nd7 {[%clk 0:58:36]} Bxd7 {[%clk 0:34:18]} 18. Rxd7
{[%clk 0:59:04]} Rfd8 {[%clk 0:34:33]} 19. Rad1 {[%clk 0:59:00]} Kf8
{[%clk 0:32:49]} 20. f3 {[%clk 0:56:44]} Ke8 {[%clk 0:31:48]} 21. Rxd8+
{[%clk 0:57:08]} Rxd8 {[%clk 0:32:15]} 22. Rxd8+ {[%clk 0:57:26]} Nxd8
{[%clk 0:32:30]} 23. Bc4 {[%clk 0:56:19]} Kd7 {[%clk 0:28:39]} 24. Kf2
{[%clk 0:55:34]} Ne6 {[%clk 0:28:41]} 25. b4 {[%clk 0:50:43]} f5 {[%clk 0:26:42]}
26. g3 {[%clk 0:47:52]} Bf6 {[%clk 0:24:13]} 27. Bd5 {[%clk 0:45:52]} Nd8
{[%clk 0:23:50]} 28. Bb6 {[%clk 0:29:26]} e4 {[%clk 0:14:59]} 29. fxe4
{[%clk 0:22:59]} Bxc3 {[%clk 0:14:30]} 30. a3 {[%clk 0:22:50]} fxe4
{[%clk 0:07:56]} 31. Bxe4 {[%clk 0:23:13]} Bb2 {[%clk 0:06:44]} 32. a4
{[%clk 0:21:28]} Nc6 {[%clk 0:07:03]} 33. b5 {[%clk 0:20:01]} axb5
{[%clk 0:07:30]} 34. axb5 {[%clk 0:20:28]} Bd4+ {[%clk 0:04:38]} 35. Bxd4
{[%clk 0:20:52]} Nxd4 {[%clk 0:05:06]} 36. b6 {[%clk 0:20:41]} Kd6
{[%clk 0:05:32]} 37. Bxb7 {[%clk 0:16:32]} Kc5 {[%clk 0:05:59]} 38. Ke3
{[%clk 0:16:33]} Nc2+ {[%clk 0:02:25]} 39. Kf4 {[%clk 0:16:18]} Kxb6
{[%clk 0:02:51]} 40. Be4 {[%clk 0:16:42]} Nd4 {[%clk 0:01:58]} 41. Bxh7
{[%clk 0:15:05]} Kc5 {[%clk 0:01:48]} 42. h4 {[%clk 0:11:24]} Kd6
{[%clk 0:02:07]} 43. g4 {[%clk 0:08:25]} Ke7 {[%clk 0:01:54]} 44. Bg8
{[%clk 0:06:37]} g6 {[%clk 0:00:50]} 45. Ke4 {[%clk 0:03:32]} Nc2
{[%clk 0:01:11]} 46. Bb3 {[%clk 0:03:30]} Ne1 {[%clk 0:01:34]} 47. Kf4
{[%clk 0:01:30]} Kf6 {[%clk 0:01:50]} 48. Bd5 {[%clk 0:01:28]} Nd3+
{[%clk 0:02:10]} 49. Ke4 {[%clk 0:01:25]} Nf2+ {[%clk 0:02:15]} 50. Kf3
{[%clk 0:01:47]} Nd3 {[%clk 0:02:04]} 51. g5+ {[%clk 0:02:05]} Kg7
{[%clk 0:02:28]} 52. Be4 {[%clk 0:02:12]} Ne5+ {[%clk 0:02:23]} 53. Kf4
{[%clk 0:02:39]} Nf7 {[%clk 0:02:33]} 54. Bd3 {[%clk 0:02:53]} Nd6
{[%clk 0:01:24]} 55. Ke5 {[%clk 0:03:06]} Nf7+ {[%clk 0:01:46]} 56. Kd5
{[%clk 0:03:23]} Nd8 {[%clk 0:01:53]} 57. Ba6 {[%clk 0:02:59]} Nf7
{[%clk 0:01:07]} 58. Bb7 {[%clk 0:03:18]} Nd8 {[%clk 0:01:29]} 59. Bc6
{[%clk 0:03:10]} Kf7 {[%clk 0:01:46]} 60. Bd7 {[%clk 0:03:07]} Ke7
{[%clk 0:00:42]} 61. Ba4 {[%clk 0:01:48]} Ne6 {[%clk 0:00:39]} 62. Ke5
{[%clk 0:01:14]} Nc7 {[%clk 0:00:53]} 63. Bc2 {[%clk 0:00:58]} Kf7
{[%clk 0:01:20]} 64. Bd3 {[%clk 0:01:16]} Ne8 {[%clk 0:01:16]} 65. Bc4+
{[%clk 0:01:21]} Ke7 {[%clk 0:01:39]} 66. Bb5 {[%clk 0:01:01]} Ng7
{[%clk 0:02:00]} 67. Bd3 {[%clk 0:01:15]} Kf7 {[%clk 0:02:27]} 68. Bc4+
{[%clk 0:01:06]} Ke7 {[%clk 0:02:54]} 69. Be2 {[%clk 0:01:24]} Kf7
{[%clk 0:02:40]} 70. Bf3 {[%clk 0:01:11]} Ke7 {[%clk 0:02:56]} 71. Bd5
{[%clk 0:01:16]} Ne8 {[%clk 0:02:28]} 72. Be4 {[%clk 0:00:57]} Kf7
{[%clk 0:02:53]} 73. Bd3 {[%clk 0:01:15]} Ng7 {[%clk 0:03:13]} 74. Bb5
{[%clk 0:01:00]} Ke7 {[%clk 0:03:27]} 75. Bc4 {[%clk 0:01:20]} Ne8
{[%clk 0:03:32]} 76. Be2 {[%clk 0:01:05]} Ng7 {[%clk 0:03:39]} 77. Bf3
{[%clk 0:01:05]} Ne8 {[%clk 0:03:58]} 78. Kf4 {[%clk 0:00:56]} Ng7
{[%clk 0:04:01]} 79. Be4 {[%clk 0:01:10]} Kf7 {[%clk 0:04:27]} 80. Bc6
{[%clk 0:01:25]} Nh5+ {[%clk 0:04:42]} 81. Kg4 {[%clk 0:01:51]} Ng7
{[%clk 0:05:00]} 82. Bd5+ {[%clk 0:02:15]} Ke7 {[%clk 0:05:24]} 83. Bg8
{[%clk 0:02:31]} Kf8 {[%clk 0:05:40]} 84. Bc4 {[%clk 0:02:15]} Ke7
{[%clk 0:06:05]} 85. Kf4 {[%clk 0:02:02]} Nh5+ {[%clk 0:06:25]} 86. Ke5
{[%clk 0:02:29]} Ng7 {[%clk 0:06:42]} 87. Bd3 {[%clk 0:02:56]} Kf7
{[%clk 0:07:07]} 88. Kd6 {[%clk 0:03:18]} Nh5 {[%clk 0:06:23]} 89. Be4
{[%clk 0:03:08]} Nf4 {[%clk 0:06:30]} 90. Kd7 {[%clk 0:03:01]} Kf8
{[%clk 0:06:07]} 91. Kd6 {[%clk 0:02:56]} Kf7 {[%clk 0:06:31]} 92. Bd5+
{[%clk 0:03:23]} Kg7 {[%clk 0:06:43]} 93. Bf3 {[%clk 0:03:26]} Kf7
{[%clk 0:06:55]} 94. Ke5 {[%clk 0:03:37]} Nd3+ {[%clk 0:07:17]} 95. Kd4
{[%clk 0:03:52]} Nf4 {[%clk 0:07:39]} 96. Ke3 {[%clk 0:03:39]} Ne6
{[%clk 0:07:21]} 97. Bd5 {[%clk 0:04:03]} Ke7 {[%clk 0:07:50]} 98. Bxe6
{[%clk 0:03:40]} Kxe6 {[%clk 0:08:16]} 99. Kf4 {[%clk 0:03:04]} Kd6
{[%clk 0:08:41]} 100. Kg4 {[%clk 0:02:58]} Ke6 {[%clk 0:08:58]} 101. h5
{[%clk 0:03:24]} gxh5+ {[%clk 0:09:19]} 102. Kxh5 {[%clk 0:03:53]} Kf7
{[%clk 0:09:44]} 103. Kh6 {[%clk 0:03:55]} Kg8 {[%clk 0:10:11]} 104. Kg6
{[%clk 0:04:21]} 1-0

[Event "Moscow_Open_19_Turnir"]
[Site "?"]
[Date "2019.01.31"]
[Round "7.12"]
[White "Antonov, Andrey P."]
[Black "Velichko, Arseny"]
[Result "1/2-1/2"]
[BlackElo "2223"]
[WhiteElo "2150"]
[LiveChessVersion "1.4.8"]

1. e4 {[%clk 1:30:53]} e6 {[%clk 1:21:37]} 2. d4 {[%clk 1:31:16]} d5
{[%clk 1:22:02]} 3. exd5 {[%clk 1:31:36]} exd5 {[%clk 1:22:28]} 4. Nf3
{[%clk 1:32:01]} Bd6 {[%clk 1:22:54]} 5. c4 {[%clk 1:32:14]} dxc4
{[%clk 1:23:16]} 6. Bxc4 {[%clk 1:32:35]} Nf6 {[%clk 1:23:42]} 7. Qe2+
{[%clk 1:32:45]} Qe7 {[%clk 1:23:39]} 8. Qxe7+ {[%clk 1:33:09]} Bxe7
{[%clk 1:23:37]} 9. O-O {[%clk 1:26:46]} O-O {[%clk 1:23:33]} 10. Nc3
{[%clk 1:27:14]} c6 {[%clk 1:18:32]} 11. Re1 {[%clk 1:26:06]} Bd6
{[%clk 1:18:43]} 12. Bg5 {[%clk 1:26:33]} Nbd7 {[%clk 1:16:02]} 13. Bb3
{[%clk 1:16:44]} h6 {[%clk 1:14:53]} 14. Bh4 {[%clk 1:16:11]} a5 {[%clk 0:57:51]}
15. Rad1 {[%clk 1:06:24]} g5 16. Bg3 {[%clk 1:02:36]} Bxg3 {[%clk 0:53:51]} 17.
hxg3 {[%clk 1:02:50]} Nb6 {[%clk 0:54:08]} 18. a4 {[%clk 0:56:52]} Bd7
{[%clk 0:43:32]} 19. Re5 {[%clk 0:47:08]} Rfe8 {[%clk 0:38:54]} 20. Rde1
{[%clk 0:41:55]} Kf8 {[%clk 0:35:13]} 21. Nd2 {[%clk 0:39:25]} Nfd5
{[%clk 0:29:57]} 22. Nde4 {[%clk 0:25:44]} f6 {[%clk 0:27:32]} 23. Rxe8+
{[%clk 0:23:53]} Rxe8 {[%clk 0:27:30]} 24. Kf1 {[%clk 0:24:20]} Nxc3
{[%clk 0:26:48]} 25. bxc3 {[%clk 0:23:35]} Bf5 {[%clk 0:11:48]} 26. Nc5
{[%clk 0:21:56]} Bc8 {[%clk 0:11:47]} 27. c4 {[%clk 0:19:52]} Nd7
{[%clk 0:10:46]} 28. Ne6+ {[%clk 0:19:39]} Kg8 {[%clk 0:09:08]} 29. c5
{[%clk 0:20:02]} Kh8 {[%clk 0:09:03]} 30. Nc7 {[%clk 0:10:12]} Rxe1+
{[%clk 0:09:21]} 31. Kxe1 {[%clk 0:10:41]} Nf8 {[%clk 0:08:12]} 32. Kd2
{[%clk 0:07:56]} Bd7 {[%clk 0:08:02]} 33. Kc3 {[%clk 0:07:42]} Kg7
{[%clk 0:08:05]} 34. d5 {[%clk 0:07:21]} f5 {[%clk 0:06:32]} 35. d6
{[%clk 0:06:34]} Kf6 {[%clk 0:06:53]} 36. Kd4 {[%clk 0:06:26]} h5
{[%clk 0:06:27]} 37. f4 {[%clk 0:04:24]} gxf4 {[%clk 0:06:10]} 38. gxf4
{[%clk 0:04:51]} Ng6 {[%clk 0:06:34]} 39. Ke3 {[%clk 0:04:36]} Nh4
{[%clk 0:05:51]} 40. Kf2 {[%clk 0:03:47]} Ng6 {[%clk 0:06:08]} 41. Kg3
{[%clk 0:04:10]} h4+ {[%clk 0:06:09]} 42. Kf3 {[%clk 0:04:33]} Nf8
{[%clk 0:06:30]} 43. Ke3 {[%clk 0:02:28]} Nh7 {[%clk 0:05:59]} 44. Na8
{[%clk 0:01:48]} Be6 {[%clk 0:05:43]} 45. Bxe6 {[%clk 0:01:21]} Kxe6
{[%clk 0:06:12]} 46. Nb6 {[%clk 0:01:44]} Nf6 {[%clk 0:06:26]} 47. Nc4
{[%clk 0:01:38]} Nd5+ {[%clk 0:04:16]} 48. Kf3 {[%clk 0:01:59]} Nc3
{[%clk 0:04:12]} 49. Nxa5 {[%clk 0:02:19]} Nxa4 {[%clk 0:03:41]} 50. Nxb7
{[%clk 0:02:46]} Kd7 {[%clk 0:03:58]} 51. Ke3 {[%clk 0:02:11]} Kc8
{[%clk 0:04:03]} 52. Na5 {[%clk 0:02:29]} Nxc5 {[%clk 0:04:26]} 53. Nxc6
{[%clk 0:02:53]} Kd7 {[%clk 0:04:52]} 54. Nd4 {[%clk 0:03:04]} h3
{[%clk 0:04:58]} 55. gxh3 {[%clk 0:03:22]} Kxd6 {[%clk 0:05:25]} 56. Nxf5+
{[%clk 0:03:46]} Ke6 {[%clk 0:05:47]} 57. Nd4+ {[%clk 0:03:27]} Kf6
{[%clk 0:06:15]} 58. Kf3 {[%clk 0:03:10]} Nd7 {[%clk 0:06:25]} 59. h4
{[%clk 0:01:44]} Kg6 {[%clk 0:06:45]} 60. Ke4 {[%clk 0:02:00]} Kh5
{[%clk 0:06:51]} 61. Nf3 {[%clk 0:02:12]} Nf6+ {[%clk 0:06:14]} 62. Ke5
{[%clk 0:01:26]} Ng4+ {[%clk 0:06:02]} 63. Ke6 {[%clk 0:00:34]} Nh6
{[%clk 0:05:18]} 64. Kf6 {[%clk 0:00:39]} Kg4 {[%clk 0:04:34]} 65. Kg6
{[%clk 0:01:03]} Nf5 {[%clk 0:03:46]} 66. h5 {[%clk 0:00:58]} Kxf4
{[%clk 0:04:05]} 67. Kf6 {[%clk 0:00:50]} Kg4 {[%clk 0:03:52]} 68. Ne5+
{[%clk 0:01:01]} Kxh5 {[%clk 0:04:15]} 69. Kxf5 {[%clk 0:01:28]} 1/2-1/2

[Event "Moscow_Open_19_Turnir"]
[Site "?"]
[Date "2019.01.31"]
[Round "7.13"]
[White "Jaiswal, Rupesh"]
[Black "Indzhiev, Aldar"]
[Result "1-0"]
[BlackElo "2218"]
[WhiteElo "2141"]
[LiveChessVersion "1.4.8"]

1. d4 Nf6 2. Nf3 e6 3. Bf4 b6 4. e3 Bb7 5. Bd3 Be7 6. h3 Ne4 7. Nbd2 f5 8. Bxe4
fxe4 9. Ng5 Bxg5 10. Qh5+ g6 11. Qxg5 Qxg5 12. Bxg5 O-O 13. h4 Kg7 14. Bf4 d6 15.
h5 gxh5 16. Rxh5 Rf5 17. Rh4 Nd7 18. O-O-O h5 19. f3 Nf6 20. g4 Rxf4 21. exf4 e3
22. Ne4 Nxe4 23. fxe4 hxg4 24. Rxg4+ Kf6 25. f5 exf5 26. Rf1 e2 27. Rxf5+ Ke6 28.
Rg6+ Kd7 29. Rg7+ Ke6 30. Kd2 Bxe4 31. Rff7 Kd5 32. c3 Rh8 33. Kxe2 c5 34. Rg5+
Kc4 35. dxc5 {[%clk 0:28:28]} bxc5 {[%clk 0:45:56]} 36. Rxa7 {[%clk 0:27:25]}
Rh2+ {[%clk 0:46:18]} 37. Ke3 {[%clk 0:26:55]} Bb1 {[%clk 0:44:25]} 38. Rg4+
{[%clk 0:25:29]} Kd5 {[%clk 0:44:13]} 39. Rb7 {[%clk 0:20:05]} Bxa2
{[%clk 0:44:11]} 40. Rb6 {[%clk 0:19:37]} Rh3+ {[%clk 0:41:48]} 41. Kf4
{[%clk 0:19:06]} Rh6 {[%clk 0:41:05]} 42. Rg1 {[%clk 0:16:42]} Rf6+
{[%clk 0:37:50]} 43. Kg5 {[%clk 0:16:12]} Rf2 {[%clk 0:38:11]} 44. Ra1
{[%clk 0:15:46]} Bc4 {[%clk 0:37:45]} 45. Rd1+ {[%clk 0:15:27]} Ke5
{[%clk 0:37:41]} 46. Rdxd6 {[%clk 0:12:23]} Rg2+ {[%clk 0:38:08]} 47. Kh4
{[%clk 0:12:13]} Bb3 {[%clk 0:38:31]} 48. Rg6 {[%clk 0:11:17]} Rxb2
{[%clk 0:35:34]} 49. Rg5+ {[%clk 0:10:41]} Kf4 {[%clk 0:35:54]} 50. Rf6+
{[%clk 0:10:10]} Ke4 {[%clk 0:36:17]} 51. Rxc5 {[%clk 0:10:03]} Rg2
{[%clk 0:36:17]} 52. Rd6 {[%clk 0:09:27]} Bc2 {[%clk 0:34:57]} 53. Rg5
{[%clk 0:08:34]} Rf2 {[%clk 0:31:53]} 54. Rd4+ {[%clk 0:08:09]} Ke3
{[%clk 0:32:01]} 55. Re5+ {[%clk 0:07:04]} Kf3 {[%clk 0:32:29]} 56. Kg5
{[%clk 0:06:45]} Rg2+ {[%clk 0:32:48]} 57. Kf6 {[%clk 0:07:01]} Rg6+
{[%clk 0:33:13]} 58. Ke7 {[%clk 0:07:19]} Rc6 {[%clk 0:33:39]} 59. c4
{[%clk 0:07:25]} Ba4 {[%clk 0:33:17]} 60. c5 {[%clk 0:07:29]} Bb5
{[%clk 0:33:45]} 61. Rd6 {[%clk 0:07:30]} Rc8 {[%clk 0:32:33]} 62. Rd8
{[%clk 0:05:58]} Rc6 {[%clk 0:32:11]} 63. Rf8+ {[%clk 0:05:28]} Kg4
{[%clk 0:32:32]} 64. Rf6 {[%clk 0:05:30]} Rc8 {[%clk 0:32:59]} 65. Rb6
{[%clk 0:05:47]} Kf4 {[%clk 0:32:57]} 66. Rxb5 {[%clk 0:05:38]} Kxe5
{[%clk 0:32:47]} 67. c6+ {[%clk 0:06:03]} Kd4 {[%clk 0:33:10]} 68. Kd7
{[%clk 0:06:28]} Rh8 {[%clk 0:33:06]} 69. c7 {[%clk 0:06:47]} Kc4
{[%clk 0:33:34]} 70. Re5 {[%clk 0:07:04]} Kd4 {[%clk 0:33:32]} 71. Re8
{[%clk 0:07:23]} 1-0

[Event "Moscow_Open_19_Turnir"]
[Site "?"]
[Date "2019.01.31"]
[Round "7.14"]
[White "Volobuev, Vladimir"]
[Black "Matyunin, Maxim"]
[Result "1-0"]
[BlackElo "2218"]
[WhiteElo "1954"]
[LiveChessVersion "1.4.8"]

1. e4 {[%clk 0:59:59]} e6 {[%clk 1:30:54]} 2. d4 {[%clk 1:00:14]} d5
{[%clk 1:31:20]} 3. e5 {[%clk 0:59:56]} c5 {[%clk 1:31:45]} 4. c3
{[%clk 1:00:25]} Qb6 {[%clk 1:32:10]} 5. Nf3 {[%clk 1:00:50]} Bd7
{[%clk 1:32:05]} 6. Bd3 {[%clk 0:59:18]} Bb5 {[%clk 1:32:28]} 7. O-O
{[%clk 0:59:28]} Bxd3 {[%clk 1:32:49]} 8. Qxd3 {[%clk 0:59:53]} Nc6
{[%clk 1:33:13]} 9. dxc5 {[%clk 0:58:07]} Bxc5 {[%clk 1:32:57]} 10. b4
{[%clk 0:58:05]} Be7 {[%clk 1:33:20]} 11. a4 {[%clk 0:55:47]} Rc8
{[%clk 1:24:29]} 12. Na3 {[%clk 0:53:05]} f6 {[%clk 1:17:20]} 13. Bf4
{[%clk 0:42:32]} fxe5 14. Nxe5 {[%clk 0:41:14]} Nxe5 {[%clk 1:14:42]} 15. Bxe5
{[%clk 0:41:34]} Nf6 {[%clk 1:15:08]} 16. a5 {[%clk 0:26:05]} Qc6
{[%clk 1:14:08]} 17. Nb5 {[%clk 0:24:23]} a6 {[%clk 1:08:09]} 18. Nd4
{[%clk 0:23:51]} Qd7 {[%clk 1:00:56]} 19. f3 {[%clk 0:24:00]} O-O
{[%clk 1:00:05]} 20. Rfe1 {[%clk 0:24:15]} Rfe8 {[%clk 1:00:25]} 21. Ra2
{[%clk 0:22:47]} Rc4 {[%clk 0:51:16]} 22. Rae2 {[%clk 0:22:07]} Rec8
{[%clk 0:51:43]} 23. Nxe6 {[%clk 0:18:48]} Qxe6 {[%clk 0:37:57]} 24. Bxf6
{[%clk 0:19:12]} Qxf6 {[%clk 0:38:23]} 25. Rxe7 {[%clk 0:17:44]} Rxc3
{[%clk 0:29:47]} 26. Qxd5+ {[%clk 0:16:01]} Kf8 {[%clk 0:30:14]} 27. Qd7
{[%clk 0:13:58]} Qg6 {[%clk 0:30:30]} 28. R7e6 {[%clk 0:12:46]} Qh5
{[%clk 0:30:25]} 29. Qxb7 {[%clk 0:07:51]} Rc1 {[%clk 0:28:10]} 30. Qxa6
{[%clk 0:05:25]} Qd5 {[%clk 0:28:13]} 31. Qe2 {[%clk 0:04:08]} Qd4+
{[%clk 0:25:43]} 32. Kh1 {[%clk 0:03:53]} Rxe1+ {[%clk 0:25:41]} 33. Qxe1
{[%clk 0:04:11]} Qb2 {[%clk 0:25:46]} 34. Qh4 {[%clk 0:01:03]} Qd2
{[%clk 0:20:15]} 35. Qe7+ {[%clk 0:00:55]} Kg8 {[%clk 0:20:43]} 36. Re1
{[%clk 0:00:54]} h6 {[%clk 0:21:08]} 37. h3 {[%clk 0:00:59]} Rc2 {[%clk 0:20:45]}
38. Qe8+ {[%clk 0:01:12]} Kh7 {[%clk 0:21:12]} 39. Qe4+ {[%clk 0:01:23]} Kg8
{[%clk 0:21:40]} 40. f4 {[%clk 0:01:20]} Ra2 {[%clk 0:20:33]} 41. f5
{[%clk 0:01:27]} g5 {[%clk 0:19:46]} 42. Qe8+ {[%clk 0:01:36]} 1-0

[Event "Moscow_Open_19_Turnir"]
[Site "?"]
[Date "2019.01.31"]
[Round "7.15"]
[White "Bazarov, Vladimir"]
[Black "Khudyakov, Stanislav"]
[Result "1/2-1/2"]
[BlackElo "2126"]
[WhiteElo "1800"]
[LiveChessVersion "1.4.8"]

1. e4 {[%clk 1:27:37]} e6 {[%clk 1:30:52]} 2. d4 {[%clk 1:27:51]} d5
{[%clk 1:31:14]} 3. Nd2 {[%clk 1:27:25]} Nf6 {[%clk 1:30:30]} 4. e5
{[%clk 1:27:43]} Nfd7 {[%clk 1:30:54]} 5. Bd3 {[%clk 1:27:22]} c5
{[%clk 1:31:19]} 6. c3 {[%clk 1:27:44]} Nc6 {[%clk 1:31:44]} 7. Ndf3 Be7
{[%clk 1:21:04]} 8. Ne2 {[%clk 1:27:46]} O-O {[%clk 1:19:50]} 9. O-O
{[%clk 1:28:04]} f6 {[%clk 1:15:16]} 10. Nf4 {[%clk 1:21:18]} Ndxe5 11. Bxh7+
{[%clk 1:11:41]} Kxh7 {[%clk 1:15:39]} 12. Qc2+ {[%clk 1:12:03]} Kg8
{[%clk 1:14:13]} 13. dxe5 fxe5 14. Ng6 {[%clk 1:03:54]} Rf5 {[%clk 1:12:54]} 15.
Nxe7+ {[%clk 0:57:16]} Qxe7 {[%clk 1:13:03]} 16. h4 {[%clk 0:56:16]} e4
{[%clk 1:05:06]} 17. Ng5 {[%clk 0:56:07]} Ne5 18. f3 {[%clk 0:26:48]} exf3
{[%clk 0:59:49]} 19. Bf4 {[%clk 0:24:51]} Nf7 {[%clk 0:57:16]} 20. Rxf3
{[%clk 0:24:43]} e5 {[%clk 0:32:41]} 21. Bd2 {[%clk 0:24:18]} e4 {[%clk 0:32:10]}
22. Rxf5 {[%clk 0:24:18]} Bxf5 {[%clk 0:32:35]} 23. Rf1 {[%clk 0:23:16]} Bg6
{[%clk 0:31:11]} 24. Nxf7 {[%clk 0:22:49]} Bxf7 {[%clk 0:31:36]} 25. Bg5
{[%clk 0:23:07]} Qd7 {[%clk 0:31:18]} 26. c4 {[%clk 0:20:02]} d4 {[%clk 0:29:13]}
27. Qxe4 {[%clk 0:19:19]} Bxc4 {[%clk 0:29:38]} 28. Rf5 {[%clk 0:17:09]} Re8
{[%clk 0:26:52]} 29. Re5 {[%clk 0:15:22]} Rxe5 {[%clk 0:26:58]} 30. Qxe5
{[%clk 0:15:51]} b6 {[%clk 0:27:03]} 31. a3 {[%clk 0:12:34]} Bf7 {[%clk 0:22:26]}
32. Qe4 {[%clk 0:08:06]} Bd5 {[%clk 0:21:57]} 33. Qe2 {[%clk 0:06:09]} c4
{[%clk 0:18:01]} 34. Bd2 {[%clk 0:05:59]} Qf5 {[%clk 0:17:33]} 35. Bg5
{[%clk 0:05:29]} Bf7 {[%clk 0:14:20]} 36. Qd2 {[%clk 0:02:54]} Qe4
{[%clk 0:14:36]} 37. Kf1 {[%clk 0:01:26]} Bh5 {[%clk 0:13:11]} 38. Kg1
{[%clk 0:01:21]} Kh7 {[%clk 0:11:42]} 39. Kh2 {[%clk 0:01:18]} Be8
{[%clk 0:11:18]} 40. Qf4 {[%clk 0:01:27]} Qd5 {[%clk 0:11:34]} 41. Qf3
{[%clk 0:01:33]} Qe6 {[%clk 0:09:22]} 42. Qf4 {[%clk 0:01:40]} d3
{[%clk 0:09:40]} 43. Qf2 {[%clk 0:01:36]} Bc6 {[%clk 0:09:55]} 44. Bd2
{[%clk 0:01:28]} Qe5+ {[%clk 0:09:42]} 45. Bf4 {[%clk 0:01:46]} Qf6
{[%clk 0:09:51]} 46. Kg1 {[%clk 0:01:16]} b5 {[%clk 0:09:51]} 47. Be3
{[%clk 0:01:24]} Qg6 {[%clk 0:09:47]} 48. Bd2 {[%clk 0:01:01]} Qg4
{[%clk 0:09:45]} 49. Bc3 {[%clk 0:01:13]} a6 {[%clk 0:09:42]} 50. Kh2
{[%clk 0:01:13]} Bd5 {[%clk 0:09:32]} 51. Qg3 {[%clk 0:01:19]} Qd7
{[%clk 0:09:34]} 52. Qg5 {[%clk 0:01:27]} Bb7 {[%clk 0:09:01]} 53. h5
{[%clk 0:00:51]} Be4 {[%clk 0:08:31]} 54. Kg1 {[%clk 0:00:49]} 1/2-1/2

[Event "Moscow_Open_19_Turnir"]
[Site "?"]
[Date "2019.01.31"]
[Round "7.16"]
[White "Dziov, Igor"]
[Black "Derevianchenko, Ilia"]
[Result "0-1"]
[BlackElo "2339"]
[WhiteElo "1904"]
[LiveChessVersion "1.4.8"]

1. e4 {[%clk 1:27:56]} d6 {[%clk 1:16:15]} 2. d4 {[%clk 1:28:17]} g6
{[%clk 1:16:15]} 3. Be3 {[%clk 1:28:30]} Bg7 {[%clk 1:16:38]} 4. Qd2
{[%clk 1:28:41]} e5 {[%clk 1:16:17]} 5. Ne2 {[%clk 1:28:46]} Nc6 {[%clk 1:16:00]}
6. d5 {[%clk 1:28:06]} Nce7 {[%clk 1:16:14]} 7. f3 {[%clk 1:27:11]} f5
{[%clk 1:16:25]} 8. Nbc3 {[%clk 1:26:53]} Nf6 {[%clk 1:16:48]} 9. h3
{[%clk 1:25:31]} f4 {[%clk 1:15:38]} 10. Nxf4 {[%clk 1:23:49]} exf4
{[%clk 1:15:50]} 11. Bxf4 {[%clk 1:24:15]} O-O {[%clk 1:11:28]} 12. g4
{[%clk 1:22:57]} Nd7 {[%clk 1:09:45]} 13. O-O-O {[%clk 1:19:56]} Ne5
{[%clk 1:10:08]} 14. Be2 {[%clk 1:20:07]} Rf7 {[%clk 1:09:38]} 15. Nb5
{[%clk 1:07:38]} Kh8 {[%clk 1:04:53]} 16. h4 {[%clk 1:02:45]} Ng8
{[%clk 1:04:04]} 17. h5 {[%clk 1:01:50]} Rxf4 {[%clk 1:03:32]} 18. h6 Bf6
{[%clk 1:02:49]} 19. Kb1 {[%clk 0:56:31]} Bg5 {[%clk 1:02:43]} 20. Qc3
{[%clk 0:56:47]} Rf7 {[%clk 1:02:24]} 21. Rdf1 {[%clk 0:56:13]} a6
{[%clk 1:01:14]} 22. Nd4 {[%clk 0:56:22]} Qf6 {[%clk 0:57:36]} 23. a3
{[%clk 0:53:08]} Bxh6 {[%clk 0:57:05]} 24. Rh2 {[%clk 0:52:29]} Bf4
{[%clk 0:56:57]} 25. Rh3 {[%clk 0:52:30]} c5 {[%clk 0:56:21]} 26. Nb3
{[%clk 0:49:43]} b5 {[%clk 0:52:38]} 27. Rfh1 {[%clk 0:49:34]} Nc4
{[%clk 0:52:31]} 28. Qxf6+ {[%clk 0:48:13]} Nxf6 {[%clk 0:52:59]} 29. Bxc4
{[%clk 0:47:58]} bxc4 {[%clk 0:53:26]} 30. Na5 {[%clk 0:48:21]} c3
{[%clk 0:53:31]} 31. b3 {[%clk 0:48:01]} Kg7 {[%clk 0:52:39]} 32. Nc4
{[%clk 0:47:48]} h5 {[%clk 0:52:44]} 33. Rg1 {[%clk 0:45:49]} hxg4
{[%clk 0:52:59]} 34. fxg4 {[%clk 0:46:05]} Nxe4 {[%clk 0:53:21]} 35. Ka2
{[%clk 0:44:26]} Bb7 {[%clk 0:51:57]} 36. Rgh1 {[%clk 0:43:50]} Bxd5
{[%clk 0:52:03]} 37. Rh7+ {[%clk 0:43:34]} Kf6 {[%clk 0:52:12]} 38. Nb6
{[%clk 0:43:54]} Rxh7 {[%clk 0:51:54]} 39. Rxh7 {[%clk 0:44:13]} Bg8
{[%clk 0:52:17]} 40. Rc7 {[%clk 0:42:01]} Re8 {[%clk 0:52:18]} 41. Ra7
{[%clk 0:41:35]} Nd2 {[%clk 0:50:34]} 42. Rxa6 {[%clk 0:40:51]} Re2
{[%clk 0:50:30]} 43. Nd7+ {[%clk 0:40:40]} Kg5 {[%clk 0:50:40]} 44. Ka1
{[%clk 0:39:19]} Bxb3 {[%clk 0:50:54]} 0-1